| 000 | 00645nam a22002057a 4500 | ||
|---|---|---|---|
| 999 |
_c6238 _d6238 |
||
| 003 | GBCCL | ||
| 005 | 20241126110559.0 | ||
| 008 | 180504b ||||| |||| 00| 0 eng d | ||
| 020 | _a0891095969 | ||
| 040 | _cgbc | ||
| 082 |
_a248.83 _bSCI |
||
| 100 |
_aSciacca, Jill _911189 |
||
| 245 |
_aDoes God live here anymore? : _ba Bible study for young adults on Christian perspective / _cFran & Jill Sciacca |
||
| 250 | _a2nd printing | ||
| 260 |
_aMinneapolis, MN : _bWorld Wide Publications, _c1989 |
||
| 300 |
_a53 p.; _bill., _c21 cm. |
||
| 650 |
_aYouth _xReligious life. _9460 |
||
| 650 |
_aBible _xStudy and teaching. _910863 |
||
| 942 |
_2ddc _cBK |
||